000 01125nam a2200253Ia 4500
003 OSt
005 20220923215354.0
006 a|||||r|||| 00| 0
007 ta
008 220922b |||||||| |||| 00| 0 hin d
024 _a178,163
037 _cTextual
040 _aARTS
_cARTS
_bhin
041 _2hin
_ahin
082 _aO152,1I73:g(Q2), L2;M5
100 _aझारी, कृष्ण देव
245 0 _aहितहरिवंश गोस्वामी (राधा वल्ल्भ सम्प्रदाय और उसके प्रवर्त्त हित हरिवंश गोस्वामी का अध्ययन)
246 _aHitaharivansha goswāmī (rādhā vallbha sampradāya aur usake pravartta hit harivansha goswāmī kā adhyayana)
260 _aदिल्ली
_b इतिहास शोध संस्थान
_c1985
300 _a92 पृ.
_ccm.
650 _aहिन्दी साहित्य
_9156264
942 _hO152,1I73:g(Q2), L2;M5
_cTEXL
_2CC
999 _c331545
_d331545